00474nam a2200169Ia 4500003000400000005001700004008004100021020001800062040000700080041000800087082001800095100004200113245007200155260004800227300001600275365001300291OSt20230405144306.0210423s2010 xx 000 0 und d a9780521149204 cAL aeng a418.0071 RICJ aRICHARDS (Jack C);RENANDYA (Willy A). aMethodology in language teaching: an anthology of current practice. aNew DelhibCambridge University Pressc2010 avii,422bPB b295cINR